| 000 | 00798nam a2200205Ia 4500 | ||
|---|---|---|---|
| 003 | GCL | ||
| 008 | 140319s9999 xx 000 0 ara d | ||
| 020 | _a5787009948 | ||
| 040 |
_aGCL / _cGCL |
||
| 082 | 0 | 4 |
_a320.9567 _bم ع |
| 245 | 1 | 0 | _aالعراق : اعادة الاعمار والدور المستقبلى |
| 250 | _aالاولى | ||
| 260 |
_aالامارات : _bمركز الامارات للدراسات والبحوث الاستراتيجية ، _c2005 |
||
| 300 |
_a170 ص ؛ _c24 سم |
||
| 650 | 0 | 4 | _aالبترول - اتفاقيات - العراق |
| 650 | 0 | 4 | _aالعراق - العلاقات الخارجية |
| 650 | 0 | 4 | _aالعراق - الاحوال السياسية |
| 650 | 0 | 4 | _aالعراق - تاريخ - العصر الحديث - صدام حسين |
| 942 |
_2ddc _cBK |
||
| 999 |
_c8665 _d8665 |
||